000 00394pab a2200157 454500
008 180718b2008 xxu||||| |||| 00| 0 eng d
100 _aLow's Blom-Cooper C.
245 _aPress freedom: constitutional right or cultural assumption?
260 _c2008
300 _ap.260-76.
362 _aSummer
650 _aFreedom of the press
773 _aPublic Law
908 _aN
909 _a82480
999 _c82480
_d82480